00703 2200241 4500001002100000005001700021008004100038020001800079035002500097041000800122043001200130082001600142090001600158100002000174245011700194250001100311260002700322300002800349504002900377650002500406850001200431990001800443YOGYA-0311000000000820150211140439.0 ind  a979 291 035 3 a0010-031100000000008 aInd aYOPDYOG a248.4 Zeg A a248.4 Zeg A aZEGA, Mananti I aAwas gaya hidup dunia masuk gereja !bhidup berkemenangan menghadapi tantangan di akhir zamanc/ Mananti I. Zega aCet. 1 aYogyakartabAndic2009 a154 hlm.bilus.c21 cm. aBibliografi : hlm. [157] aKehidupan kerohanian aYOPDYOG a49131-PD/B.10